|
|
|
|
| LEADER |
00977naa a2200229 i 4500 |
| 001 |
acta74635 |
| 005 |
20240430085321.0 |
| 008 |
220311s2015 hu o 100 hun d |
| 020 |
|
|
|a 978-963-306-364-4
|
| 040 |
|
|
|a SZTE Egyetemi Kiadványok Repozitórium
|b hun
|
| 041 |
|
|
|a hun
|
| 100 |
1 |
|
|a Fodor Gergely H.
|
| 245 |
1 |
0 |
|a Légköri eredetű nanorészecskék inhalációjának légzőrendszeri hatásának vizsgálata patkánymodellben
|h [elektronikus dokumentum] /
|c Fodor Gergely H.
|
| 260 |
|
|
|c 2015
|
| 300 |
|
|
|a 42-43
|
| 490 |
0 |
|
|a Magyar Aeroszol Konferencia
|
| 695 |
|
|
|a Aeroszol - előadáskivonat, Légzőszervi betegségek - gyógyszerek - előadáskivonat, Légkör - előadáskivonat
|
| 700 |
0 |
2 |
|a Kun-Szabó Fruzsina Anna
|e aut
|
| 700 |
0 |
2 |
|a Filep Ágnes
|e aut
|
| 700 |
0 |
2 |
|a Peták Ferenc
|e aut
|
| 710 |
|
|
|a Magyar Aeroszol Konferencia (12.) (2015) (Szeged)
|
| 856 |
4 |
0 |
|u http://acta.bibl.u-szeged.hu/74635/1/2015_magyar_aeroszol_konferencia_042-043.pdf
|z Dokumentum-elérés
|